[Event "14PCR_PF03"]
[Site "?"]
[Date "2003.??.??"]
[Round "2.1"]
[White "Dudek, Karel"]
[Black "Hladecek, Miroslav"]
[Result "1/2-1/2"]
[WhiteElo "1955"]
[BlackElo "2240"]
[PlyCount "61"]
[EventDate "2003.??.??"]
[EventType "tourn (corr)"]
[EventRounds "2"]
[SourceDate "2004.??.??"]

1. e4 e5 2. Nf3 Nc6 3. Bb5 a6 4. Ba4 Nf6 5. d4 exd4 6. O-O Nxe4 7. Re1 d5 8.
Nxd4 Bd6 9. Nxc6 Bxh2+ 10. Kh1 Qh4 11. Rxe4+ dxe4 12. Qd8+ Qxd8 13. Nxd8+ Kxd8
14. Kxh2 Be6 15. Be3 f5 16. Nc3 Ke7 17. g4 g6 18. Kg3 h5 19. gxf5 h4+ 20. Kh2
gxf5 21. Ne2 Rag8 22. Nf4 h3 23. Bb3 Bxb3 24. axb3 Kd7 25. Ra5 Rg5 26. Rd5+ Kc8
27. Bd4 Rh6 28. Be3 Rh7 29. Rd8+ Kxd8 30. Ne6+ Kd7 31. Nxg5 1/2-1/2

[Event "14PCR_PF03"]
[Site "?"]
[Date "2003.??.??"]
[Round "2.1"]
[White "Dbaly, Vaclav"]
[Black "Kuchtova, Ruzena"]
[Result "1/2-1/2"]
[WhiteElo "2015"]
[BlackElo "2155"]
[PlyCount "37"]
[EventDate "2003.??.??"]
[EventType "tourn (corr)"]
[EventRounds "2"]
[SourceDate "2004.??.??"]

1. e4 c5 2. Nf3 Nc6 3. d4 cxd4 4. Nxd4 g6 5. Nc3 Bg7 6. Be3 Nf6 7. Bc4 O-O 8.
Bb3 d6 9. h3 Na5 10. Qd3 Nxb3 11. Nxb3 Be6 12. Nd4 Bd7 13. O-O Qa5 14. Rfd1
Rfc8 15. a3 Qh5 16. Rd2 b6 17. Rad1 Re8 18. Nce2 Qa5 19. c4 1/2-1/2

[Event "14PCR_PF03"]
[Site "?"]
[Date "2003.??.??"]
[Round "2.1"]
[White "Kyzlink, Vladimir"]
[Black "Vladyka, Vaclav"]
[Result "1-0"]
[WhiteElo "2115"]
[BlackElo "2150"]
[PlyCount "123"]
[EventDate "2003.??.??"]
[EventType "tourn (corr)"]
[EventRounds "2"]
[SourceDate "2004.??.??"]

1. c4 e5 2. Nc3 Nf6 3. Nf3 Nc6 4. e4 Bb4 5. d3 d6 6. g3 O-O 7. Bg2 Ne8 8. Nh4
Bxc3+ 9. bxc3 f5 10. Nxf5 Bxf5 11. exf5 Rxf5 12. Rb1 Rb8 13. O-O Rf8 14. Qa4
Nf6 15. Bxc6 bxc6 16. Rxb8 Qxb8 17. Qxc6 Qb1 18. Bg5 Qxd3 19. Bxf6 Rxf6 20.
Qxc7 Qxc3 21. Qxa7 Qxc4 22. a4 h5 23. h4 e4 24. Rb1 Rf7 25. Qb8+ Kh7 26. Qxd6
Qc2 27. Rf1 Qxa4 28. Qd5 Kg8 29. Qxh5 Qd4 30. Qe2 g6 31. Qg4 Kh7 32. h5 gxh5
33. Qxh5+ Kg8 34. Qg5+ Rg7 35. Qf4 Rf7 36. Qe3 Qd5 37. Re1 Qf5 38. Rc1 Qe6 39.
Rc5 Rf5 40. Rc7 Qd5 41. Qe2 Rf3 42. Kg2 Qe6 43. Qc4 Rf6 44. Qxe6+ Rxe6 45. Rc3
Kf7 46. g4 Kf6 47. Kg3 Ke5 48. Rc5+ Kd4 49. Rf5 Ra6 50. g5 Ra1 51. Kg4 Rg1+ 52.
Kh5 e3 53. fxe3+ Kxe3 54. Kh6 Ke4 55. Ra5 Rh1+ 56. Kg7 Rh5 57. Kf6 Rh1 58. g6
Rf1+ 59. Kg7 Rg1 60. Rh5 Kf4 61. Kh7 Kg4 62. Rh2 1-0

[Event "14PCR_PF03"]
[Site "?"]
[Date "2003.??.??"]
[Round "2.1"]
[White "Jarabinsky, Martin"]
[Black "Mudra, Oldrich"]
[Result "1/2-1/2"]
[WhiteElo "2135"]
[BlackElo "2145"]
[PlyCount "98"]
[EventDate "2003.??.??"]
[EventType "tourn (corr)"]
[EventRounds "2"]
[SourceDate "2004.??.??"]

1. d4 Nf6 2. c4 e6 3. Nc3 d5 4. Nf3 Be7 5. Bf4 O-O 6. e3 c5 7. dxc5 Bxc5 8.
cxd5 Nxd5 9. Nxd5 Qxd5 10. Qxd5 exd5 11. a3 Bb6 12. Bb5 Bf5 13. Rd1 Rd8 14. Nd4
Bg6 15. Rc1 a6 16. Be2 Bxd4 17. exd4 Nc6 18. Be3 Rd6 19. Kd2 Re8 20. Rhe1 Kf8
21. b4 Rde6 22. Rc5 Be4 23. g3 Bg2 24. h4 h6 25. Rg1 Be4 26. Rgc1 Ne7 27. Rc7
b5 28. Bh5 Bg6 29. Bg4 Bf5 30. Bf3 Be4 31. Be2 Nf5 32. R1c6 Bg2 33. Bg4 Nxe3
34. Bxe6 Nf1+ 35. Kc3 Rxe6 36. Rxe6 fxe6 37. Rc6 e5 38. Rc8+ Ke7 39. dxe5 Be4
40. Rc7+ Ke6 41. Kd4 g6 42. Rc6+ Ke7 43. Rxa6 Nd2 44. Ra7+ Ke6 45. f4 Nb3+ 46.
Kc3 Nc1 47. Ra6+ Ke7 48. a4 bxa4 49. b5 Ne2+ 1/2-1/2

[Event "14PCR_PF03"]
[Site "?"]
[Date "2003.??.??"]
[Round "2.2"]
[White "Jarabinsky, Martin"]
[Black "Dudek, Karel"]
[Result "1/2-1/2"]
[WhiteElo "2135"]
[BlackElo "1955"]
[PlyCount "64"]
[EventDate "2003.??.??"]
[EventType "tourn (corr)"]
[EventRounds "2"]
[SourceDate "2004.??.??"]

1. d4 Nf6 2. Nf3 d5 3. c4 e6 4. Bg5 Nbd7 5. Nc3 c6 6. cxd5 exd5 7. e3 Bd6 8.
Qc2 O-O 9. Bd3 h6 10. Bh4 Re8 11. O-O Qc7 12. Rac1 a6 13. a3 g5 14. Bg3 Bxg3
15. hxg3 a5 16. Rfe1 Qd6 17. e4 dxe4 18. Nxe4 Nxe4 19. Bxe4 Nf6 20. Bh7+ Kg7
21. Rxe8 Nxe8 22. Re1 Nf6 23. Bf5 Bxf5 24. Qxf5 Qd5 25. Re5 Qb3 26. Qb1 a4 27.
Qc1 Re8 28. Rxe8 Nxe8 29. Nxg5 hxg5 30. Qxg5+ Kf8 31. Qc5+ Kg8 32. Qg5+ Ng7
1/2-1/2

[Event "14PCR_PF03"]
[Site "?"]
[Date "2003.??.??"]
[Round "2.2"]
[White "Mudra, Oldrich"]
[Black "Kyzlink, Vladimir"]
[Result "1-0"]
[WhiteElo "2145"]
[BlackElo "2115"]
[PlyCount "89"]
[EventDate "2003.??.??"]
[EventType "tourn (corr)"]
[EventRounds "2"]
[SourceDate "2004.??.??"]

1. d3 c5 2. c4 e6 3. g3 Nf6 4. Bg2 d5 5. Nc3 d4 6. Na4 Qc7 7. Nf3 Nc6 8. O-O
Bd6 9. Bg5 Nd7 10. Bd2 O-O 11. e3 e5 12. exd4 exd4 13. Ng5 Nf6 14. Ne4 Nxe4 15.
Bxe4 b6 16. Qh5 g6 17. Qd1 Re8 18. Bh6 Bb7 19. b3 f5 20. Bd5+ Kh8 21. Bg5 Be5
22. Re1 Bg7 23. Qf3 Rab8 24. Bf4 Ne5 25. Bxe5 Bxe5 26. Bxb7 Rxb7 27. a3 Rbb8
28. Re2 Re7 29. Rae1 Rbe8 30. b4 Bf6 31. Rxe7 Rxe7 32. Rxe7 Bxe7 33. Qd5 Kg7
34. b5 f4 35. Nb2 h5 36. Kg2 fxg3 37. fxg3 Bd6 38. Nd1 h4 39. Nf2 hxg3 40. Ne4
Bf4 41. hxg3 Be5 42. Qe6 Kh7 43. Kh3 Kh6 44. Kg4 Kg7 45. a4 1-0

[Event "14PCR_PF03"]
[Site "?"]
[Date "2003.??.??"]
[Round "2.2"]
[White "Vladyka, Vaclav"]
[Black "Dbaly, Vaclav"]
[Result "0-1"]
[WhiteElo "2150"]
[BlackElo "2015"]
[PlyCount "113"]
[EventDate "2003.??.??"]
[EventType "tourn (corr)"]
[EventRounds "2"]
[SourceDate "2004.??.??"]

1. e4 d6 2. d4 Nf6 3. Nc3 g6 4. Nf3 Bg7 5. Be2 O-O 6. O-O Bg4 7. Be3 Nc6 8. d5
Bxf3 9. Bxf3 Ne5 10. Be2 c6 11. f4 Ned7 12. dxc6 bxc6 13. Bf3 Nb6 14. Qe2 d5
15. Rad1 e6 16. Qf2 Qc7 17. e5 Nfd7 18. b3 f6 19. exf6 Rxf6 20. g3 Rf7 21. Bd4
e5 22. fxe5 Nxe5 23. Bxe5 Bxe5 24. Rd3 Raf8 25. Ne2 Nd7 26. Kg2 g5 27. h3 Bb2
28. Qe3 g4 29. hxg4 Ne5 30. Qg5+ Rg7 31. Qd2 Nxd3 32. Qxd3 Kh8 33. c4 dxc4 34.
Qxc4 Be5 35. Nd4 Bxd4 36. Qxd4 Qd8 37. Qc5 Rgf7 38. Qc3+ Qf6 39. Qc5 Rd8 40.
Be2 Qe7 41. Qc3+ Rg7 42. Bf3 c5 43. Rf2 Rd4 44. Re2 Qd6 45. Re8+ Rg8 46. Re2
Rd8 47. Rc2 Kg8 48. Qxc5 Qxc5 49. Rxc5 Rd2+ 50. Kh3 Rxa2 51. g5 Rd7 52. Bd5+
Kg7 53. Kg4 Rf2 54. Be4 Rd4 55. Rc4 Rxc4 56. bxc4 a5 57. c5 0-1

[Event "14PCR_PF03"]
[Site "?"]
[Date "2003.??.??"]
[Round "2.2"]
[White "Kuchtova, Ruzena"]
[Black "Hladecek, Miroslav"]
[Result "0-1"]
[WhiteElo "2155"]
[BlackElo "2240"]
[PlyCount "110"]
[EventDate "2003.??.??"]
[EventType "tourn (corr)"]
[EventRounds "2"]
[SourceDate "2004.??.??"]

1. c4 e6 2. Nf3 Nf6 3. Nc3 d5 4. d4 Nbd7 5. Bg5 c6 6. cxd5 exd5 7. e3 Qa5 8.
Bd3 Ne4 9. Qc2 Nxg5 10. Nxg5 Nf6 11. O-O h6 12. Nf3 Bd6 13. a3 O-O 14. h3 Qd8
15. Rfe1 Re8 16. Re2 Re7 17. Rc1 Be6 18. Na4 Ne4 19. Nc5 f5 20. b4 Bf7 21. Nh4
g6 22. Nf3 a5 23. Ne5 Be8 24. Qb3 Kh7 25. f4 axb4 26. axb4 b6 27. Nxe4 fxe4 28.
Bb1 Rc7 29. Ra2 Rxa2 30. Bxa2 b5 31. Qc3 Qe7 32. Rb1 g5 33. f5 Qf8 34. g4 Kg7
35. Kg2 Kf6 36. h4 gxh4 37. Qe1 Qg8 38. Qxh4+ Qg5 39. Qg3 h5 40. Bb3 Ra7 41.
Kh1 hxg4 42. Rf1 Qh5+ 43. Kg1 Rh7 44. Nxg4+ Kf7 45. Ne5+ Bxe5 46. Qg6+ Qxg6+
47. fxg6+ Kxg6 48. dxe5 Rf7 49. e6 Rxf1+ 50. Kxf1 Kf6 51. Ke2 Bh5+ 52. Kd2 Kxe6
53. Kc3 Ke5 54. Bc2 d4+ 55. exd4+ Kf4 0-1

[Event "14PCR_PF03"]
[Site "?"]
[Date "2003.??.??"]
[Round "2.3"]
[White "Dudek, Karel"]
[Black "Kuchtova, Ruzena"]
[Result "0-1"]
[WhiteElo "1955"]
[BlackElo "2155"]
[PlyCount "46"]
[EventDate "2003.??.??"]
[EventType "tourn (corr)"]
[EventRounds "2"]
[SourceDate "2004.??.??"]

1. e4 c5 2. f4 e6 3. Nf3 d5 4. exd5 exd5 5. Bb5+ Nc6 6. Qe2+ Qe7 7. Ne5 a6 8.
Bxc6+ bxc6 9. Nxc6 Qxe2+ 10. Kxe2 f6 11. d3 Bd6 12. Re1 a5 13. Bd2 Bc7 14. d4
Kd7 15. Nxa5 Bxa5 16. dxc5 Bxd2 17. Nxd2 Ne7 18. a4 Ba6+ 19. Kf2 Rab8 20. Nb3
Bc4 21. Re3 Nf5 22. Rc3 Bxb3 23. cxb3 Kc6 0-1

[Event "14PCR_PF03"]
[Site "?"]
[Date "2003.??.??"]
[Round "2.3"]
[White "Hladecek, Miroslav"]
[Black "Vladyka, Vaclav"]
[Result "1-0"]
[WhiteElo "2240"]
[BlackElo "2150"]
[PlyCount "77"]
[EventDate "2003.??.??"]
[EventType "tourn (corr)"]
[EventRounds "2"]
[SourceDate "2004.??.??"]

1. e4 e5 2. Nf3 Nc6 3. Bc4 Be7 4. d4 d6 5. dxe5 dxe5 6. Qxd8+ Bxd8 7. Nc3 Nf6
8. Be3 Be7 9. O-O-O O-O 10. Nd5 Bd6 11. Nxf6+ gxf6 12. a3 Be6 13. Bd5 Bxd5 14.
Rxd5 Ne7 15. Rb5 b6 16. g4 Rfd8 17. Rd1 c5 18. h3 Nc6 19. Rb3 Nd4 20. Bxd4 cxd4
21. Nh4 Rac8 22. Nf5 Rc7 23. c3 Bc5 24. f3 d3 25. Kd2 Rcd7 26. c4 Bf2 27. Rc1
Bd4 28. Rb5 Bc5 29. b4 a6 30. bxc5 axb5 31. cxb6 bxc4 32. a4 Rc8 33. a5 h5 34.
a6 c3+ 35. Rxc3 Rxc3 36. Kxc3 d2 37. Ne3 d1=Q 38. Nxd1 Rxd1 39. a7 1-0

[Event "14PCR_PF03"]
[Site "?"]
[Date "2003.??.??"]
[Round "2.3"]
[White "Dbaly, Vaclav"]
[Black "Mudra, Oldrich"]
[Result "0-1"]
[WhiteElo "2015"]
[BlackElo "2145"]
[PlyCount "84"]
[EventDate "2003.??.??"]
[EventType "tourn (corr)"]
[EventRounds "2"]
[SourceDate "2004.??.??"]

1. e4 c6 2. d4 d5 3. Nc3 dxe4 4. Nxe4 Bf5 5. Ng3 Bg6 6. h4 h6 7. Nf3 Nf6 8. Ne5
Bh7 9. Bc4 e6 10. Qe2 Nd5 11. c3 Nd7 12. Nh5 N7b6 13. Bb3 Bf5 14. Bd2 Rg8 15.
O-O-O a5 16. g4 Bh7 17. Rhe1 Be7 18. Qf3 f6 19. Nd3 a4 20. Bc2 Nc4 21. Rxe6 Qb6
22. Nb4 Bxc2 23. Kxc2 O-O-O 24. Nxd5 Qxb2+ 25. Kd3 Rxd5 26. Rxe7 Ne5+ 27. Rxe5
fxe5 28. Qf5+ Kb8 29. Qe6 Rf8 30. Be3 exd4 31. cxd4 Rfd8 32. Bf4+ Ka8 33. Ke3
g5 34. hxg5 hxg5 35. Bg3 Qa3+ 36. Rd3 Qc1+ 37. Ke2 Rxd4 38. Rxd4 Rxd4 39. Qg6
Qc4+ 40. Kf3 Qd5+ 41. Ke3 Rd1 42. Ke2 Ra1 0-1

[Event "14PCR_PF03"]
[Site "?"]
[Date "2003.??.??"]
[Round "2.3"]
[White "Kyzlink, Vladimir"]
[Black "Jarabinsky, Martin"]
[Result "0-1"]
[WhiteElo "2115"]
[BlackElo "2135"]
[PlyCount "118"]
[EventDate "2003.??.??"]
[EventType "tourn (corr)"]
[EventRounds "2"]
[SourceDate "2004.??.??"]

1. e4 c5 2. Nf3 Nc6 3. d4 cxd4 4. Nxd4 Nf6 5. Nc3 d6 6. Bg5 e6 7. Qd2 a6 8.
O-O-O h6 9. Be3 Nxd4 10. Bxd4 b5 11. Qe3 Ng4 12. Qg3 e5 13. Be3 Nxe3 14. Qxe3
Be7 15. Kb1 Be6 16. Nd5 O-O 17. g3 Rc8 18. Qa7 Bxd5 19. Rxd5 Qc7 20. Qxc7 Rxc7
21. Bh3 Rb8 22. f4 exf4 23. gxf4 g6 24. Rf1 Kg7 25. Bg4 Rc4 26. Bf3 h5 27. Rfd1
b4 28. R1d4 Rbc8 29. Rxc4 Rxc4 30. f5 Kf6 31. fxg6 fxg6 32. Kc1 Ke6 33. Ra5 Bf6
34. Rxa6 Bg5+ 35. Kb1 Bf4 36. h3 Ke5 37. Ra4 Rd4 38. Ra5+ Kf6 39. Rd5 Be5 40.
a4 bxa3 41. bxa3 Rc4 42. Rd3 Kg5 43. Kc1 Kh4 44. Bg2 g5 45. Kd2 g4 46. hxg4
hxg4 47. Bh1 Kg5 48. Bg2 Kf4 49. Rb3 Ra4 50. Ke2 Ra7 51. Rd3 Rc7 52. Kd2 Rb7
53. Bf1 Rh7 54. Ke1 Rh1 55. Ke2 Rh2+ 56. Kd1 g3 57. Rd2 Kf3 58. Be2+ Kf2 59.
Bg4+ Ke3 0-1

[Event "14PCR_PF03"]
[Site "?"]
[Date "2003.??.??"]
[Round "2.4"]
[White "Kyzlink, Vladimir"]
[Black "Dudek, Karel"]
[Result "1-0"]
[WhiteElo "2115"]
[BlackElo "1955"]
[PlyCount "41"]
[EventDate "2003.??.??"]
[EventType "tourn (corr)"]
[EventRounds "2"]
[SourceDate "2004.??.??"]

1. c4 e5 2. Nc3 Nf6 3. Nf3 Nc6 4. e4 Bb4 5. d3 d6 6. g3 Bc5 7. Bg2 Ng4 8. O-O
f5 9. Bg5 Nf6 10. Nd5 O-O 11. Nh4 fxe4 12. Bxe4 Bh3 13. Bxf6 gxf6 14. Bxh7+
Kxh7 15. Qh5+ Kg8 16. Qg6+ Kh8 17. Qh6+ Kg8 18. Ng6 Bxf1 19. Qh8+ Kf7 20. Qh7+
Ke8 21. Rxf1 1-0

[Event "14PCR_PF03"]
[Site "?"]
[Date "2003.??.??"]
[Round "2.4"]
[White "Jarabinsky, Martin"]
[Black "Dbaly, Vaclav"]
[Result "1-0"]
[WhiteElo "2135"]
[BlackElo "2015"]
[PlyCount "75"]
[EventDate "2003.??.??"]
[EventType "tourn (corr)"]
[EventRounds "2"]
[SourceDate "2004.??.??"]

1. d4 d5 2. c4 c6 3. Nf3 Nf6 4. Nc3 dxc4 5. a4 Bg4 6. Ne5 Bh5 7. f3 Nfd7 8.
Nxc4 e5 9. e4 Qh4+ 10. g3 Qf6 11. dxe5 Qxf3 12. Nd6+ Ke7 13. Bf4 Nc5 14. Qxf3
Bxf3 15. Rg1 Bg4 16. Be2 Bxe2 17. Kxe2 Ke6 18. Rgd1 Nba6 19. Be3 Nb3 20. Ra3
Nac5 21. a5 f6 22. Na4 b6 23. axb6 Nxa4 24. b7 Rb8 25. Rxb3 fxe5 26. Ne8 Nb6
27. Nc7+ Kf6 28. Rf1+ Kg6 29. Rc3 c5 30. Ne6 Nd7 31. Rd3 Nf6 32. Bxc5 Bxc5 33.
Nxc5 Rhe8 34. Ra1 Nxe4 35. Nxe4 Rxb7 36. b3 Reb8 37. Ra6+ Kh5 38. Nc5 1-0

[Event "14PCR_PF03"]
[Site "?"]
[Date "2003.??.??"]
[Round "2.4"]
[White "Mudra, Oldrich"]
[Black "Hladecek, Miroslav"]
[Result "1/2-1/2"]
[WhiteElo "2145"]
[BlackElo "2240"]
[PlyCount "96"]
[EventDate "2003.??.??"]
[EventType "tourn (corr)"]
[EventRounds "2"]
[SourceDate "2004.??.??"]

1. Nf3 Nf6 2. g3 d6 3. d4 Nbd7 4. Bg2 e6 5. O-O c6 6. c4 Be7 7. Nc3 O-O 8. Bg5
h6 9. Bf4 Qc7 10. b3 Re8 11. Bc1 a6 12. e3 b5 13. Bb2 Bb7 14. Qe2 bxc4 15. bxc4
c5 16. Rfc1 Rac8 17. Nb1 Ne4 18. Nfd2 Nxd2 19. Nxd2 Bxg2 20. Kxg2 Qb7+ 21. Nf3
cxd4 22. exd4 e5 23. d5 f5 24. Rab1 Qc7 25. Rc2 Rb8 26. Nd2 Bg5 27. Ba3 Rxb1
28. Nxb1 e4 29. c5 Nxc5 30. Bxc5 dxc5 31. h4 Bf6 32. Qxa6 Bd4 33. Nd2 Qf7 34.
d6 Kh7 35. Qc6 Qg6 36. Qd5 Re5 37. Qb3 Bxf2 38. Nxe4 fxe4 39. Rxf2 Qxd6 40. Re2
Qc6 41. Qc2 g6 42. Kh2 e3 43. Qc4 Qf3 44. Qd3 h5 45. Qd7+ Kh6 46. Rb2 Rf5 47.
Qe6 Rf8 48. Rg2 Rf7 1/2-1/2

[Event "14PCR_PF03"]
[Site "?"]
[Date "2003.??.??"]
[Round "2.4"]
[White "Vladyka, Vaclav"]
[Black "Kuchtova, Ruzena"]
[Result "0-1"]
[WhiteElo "2150"]
[BlackElo "2155"]
[PlyCount "98"]
[EventDate "2003.??.??"]
[EventType "tourn (corr)"]
[EventRounds "2"]
[SourceDate "2004.??.??"]

1. e4 c5 2. Nf3 Nc6 3. d4 cxd4 4. Nxd4 Nf6 5. Nc3 e5 6. Ndb5 d6 7. Bg5 a6 8.
Na3 Be7 9. Bxf6 Bxf6 10. Nd5 b5 11. Nb1 Bg5 12. Bd3 O-O 13. O-O Be6 14. Nd2 Ne7
15. c4 Bd7 16. Nxe7+ Qxe7 17. Nf3 Bf4 18. g3 Bh6 19. Qe2 Rab8 20. cxb5 axb5 21.
Ne1 f5 22. exf5 d5 23. g4 e4 24. Bc2 Bc6 25. Bb3 Kh8 26. Rd1 Bf4 27. Ng2 Bc7
28. f3 Qe5 29. f4 Qd6 30. Nh4 Qh6 31. Qe1 Bb6+ 32. Kg2 d4 33. Kg3 Rbd8 34. g5
Qh5 35. Rc1 Bb7 36. Qb4 Qe8 37. g6 d3 38. Bf7 Qd7 39. Be6 Qd6 40. Qxd6 Rxd6 41.
gxh7 Kxh7 42. Ng6 Rf6 43. Bc8 Ba8 44. Ba6 Rxg6+ 45. fxg6+ Rxg6+ 46. Kh3 e3 47.
Bxb5 Bg2+ 48. Kh4 Bd8+ 49. Kh5 Bh3 0-1

[Event "14PCR_PF03"]
[Site "?"]
[Date "2003.??.??"]
[Round "2.5"]
[White "Dudek, Karel"]
[Black "Vladyka, Vaclav"]
[Result "1-0"]
[WhiteElo "1955"]
[BlackElo "2150"]
[PlyCount "111"]
[EventDate "2003.??.??"]
[EventType "tourn (corr)"]
[EventRounds "2"]
[SourceDate "2004.??.??"]

1. e4 e5 2. Nf3 Nc6 3. Bb5 a6 4. Ba4 Nf6 5. d4 exd4 6. O-O Be7 7. e5 Ne4 8.
Nxd4 O-O 9. Nf5 d5 10. Bxc6 bxc6 11. Nxe7+ Qxe7 12. Re1 Re8 13. f3 Nd6 14. b3
Nf5 15. Qd2 Qc5+ 16. Kh1 Qd4 17. Qxd4 Nxd4 18. Na3 Bf5 19. c3 Nb5 20. Bb2 h5
21. Rad1 Rad8 22. h3 h4 23. Nxb5 cxb5 24. Bc1 f6 25. exf6 Rxe1+ 26. Rxe1 gxf6
27. Ba3 a5 28. Bc5 Rd7 29. Re8+ Kg7 30. a3 Kg6 31. Rb8 Bd3 32. Kg1 Rg7 33. Bf2
Kh5 34. Rd8 c6 35. Rd6 f5 36. Rxc6 a4 37. bxa4 bxa4 38. Rb6 Kg5 39. Rb4 Rc7 40.
Bxh4+ Kg6 41. Rb6+ Kf7 42. Bf6 Rc5 43. Bd4 Rb5 44. Rxb5 Bxb5 45. g4 Kg6 46. Kg2
Kg5 47. Kg3 fxg4 48. hxg4 Kh6 49. f4 Kg6 50. f5+ Kg5 51. Be3+ Kf6 52. Kf4 Kg7
53. g5 Be2 54. g6 Kh6 55. Ke5+ Kg7 56. Kxd5 1-0

[Event "14PCR_PF03"]
[Site "?"]
[Date "2003.??.??"]
[Round "2.5"]
[White "Kuchtova, Ruzena"]
[Black "Mudra, Oldrich"]
[Result "1/2-1/2"]
[WhiteElo "2155"]
[BlackElo "2145"]
[PlyCount "49"]
[EventDate "2003.??.??"]
[EventType "tourn (corr)"]
[EventRounds "2"]
[SourceDate "2004.??.??"]

1. c4 e6 2. Nf3 d5 3. d4 Nf6 4. Nc3 Be7 5. Bg5 O-O 6. e3 Nbd7 7. cxd5 exd5 8.
Bd3 h6 9. Bh4 c6 10. O-O Ne4 11. Bxe7 Qxe7 12. a4 Re8 13. a5 a6 14. Qc2 Nf8 15.
Bxe4 dxe4 16. Ne5 f6 17. Nc4 Bf5 18. Nd2 Bg6 19. Na4 f5 20. Nc5 Bf7 21. Rae1
Nd7 22. b4 Bd5 23. Nc4 Rab8 24. Nxd7 Qxd7 25. Ne5 1/2-1/2

[Event "14PCR_PF03"]
[Site "?"]
[Date "2003.??.??"]
[Round "2.5"]
[White "Hladecek, Miroslav"]
[Black "Jarabinsky, Martin"]
[Result "1-0"]
[WhiteElo "2240"]
[BlackElo "2135"]
[PlyCount "89"]
[EventDate "2003.??.??"]
[EventType "tourn (corr)"]
[EventRounds "2"]
[SourceDate "2004.??.??"]

1. e4 c5 2. Nf3 d6 3. d4 cxd4 4. Nxd4 Nf6 5. Nc3 Nc6 6. Bb5 Bd7 7. O-O h5 8.
Re1 e6 9. h3 Be7 10. Be3 a6 11. Be2 Qc7 12. Qd2 Rd8 13. a3 O-O 14. Rad1 Na5 15.
Bg5 Nc4 16. Bxc4 Qxc4 17. Nf5 exf5 18. exf5 Be6 19. fxe6 fxe6 20. Qe3 e5 21.
Rd2 Qf7 22. Red1 Kh8 23. Bxf6 Qxf6 24. Qb6 Rd7 25. Nd5 Qh4 26. Nxe7 Qxe7 27.
Rxd6 Qf6 28. Rxf6 Rxd1+ 29. Kh2 Rxf6 30. Qxb7 Rd2 31. Qa8+ Kh7 32. Qe4+ Kg8 33.
f3 Rf4 34. Qxe5 Rxf3 35. b4 Rff2 36. Qe8+ Kh7 37. Qxh5+ Kg8 38. Qe8+ Kh7 39.
Qe4+ Kg8 40. c4 Rfe2 41. Qg4 Ra2 42. c5 Kf7 43. a4 Rxg2+ 44. Qxg2 Rxg2+ 45.
Kxg2 1-0

[Event "14PCR_PF03"]
[Site "?"]
[Date "2003.??.??"]
[Round "2.5"]
[White "Dbaly, Vaclav"]
[Black "Kyzlink, Vladimir"]
[Result "1-0"]
[WhiteElo "2015"]
[BlackElo "2115"]
[PlyCount "77"]
[EventDate "2003.??.??"]
[EventType "tourn (corr)"]
[EventRounds "2"]
[SourceDate "2004.??.??"]

1. e4 c5 2. Nf3 d6 3. d4 cxd4 4. Nxd4 Nf6 5. Nc3 a6 6. Bg5 e6 7. f4 Be7 8. Qf3
Qc7 9. O-O-O Nbd7 10. g3 b5 11. Bg2 Bb7 12. a3 Nc5 13. Rhe1 O-O 14. Bh4 Qa5 15.
Qe2 Rae8 16. e5 dxe5 17. fxe5 Nd5 18. Bxd5 exd5 19. Nf5 Bxh4 20. gxh4 Ne6 21.
Rg1 Kh8 22. Qf2 Qd8 23. Ne4 Bc6 24. Ned6 Re7 25. Nxe7 Qxe7 26. Nf5 Qd8 27. Rdf1
d4 28. Rd1 a5 29. h5 b4 30. axb4 axb4 31. h6 g6 32. Nxd4 Nxd4 33. Rxd4 Qe7 34.
Qf6+ Qxf6 35. exf6 Kg8 36. Rxb4 Re8 37. Rc4 Re6 38. Rd1 Kf8 39. Rxc6 1-0

[Event "14PCR_PF03"]
[Site "?"]
[Date "2003.??.??"]
[Round "2.6"]
[White "Dbaly, Vaclav"]
[Black "Dudek, Karel"]
[Result "1-0"]
[WhiteElo "2015"]
[BlackElo "1955"]
[PlyCount "37"]
[EventDate "2003.??.??"]
[EventType "tourn (corr)"]
[EventRounds "2"]
[SourceDate "2004.??.??"]

1. e4 c5 2. Nf3 Nf6 3. e5 Nd5 4. Nc3 Nxc3 5. dxc3 d5 6. exd6 Qxd6 7. Qxd6 exd6
8. Bf4 Bg4 9. O-O-O Nd7 10. Bc4 Bxf3 11. gxf3 Be7 12. Bxd6 Bxd6 13. Rxd6 O-O-O
14. Bxf7 Ne5 15. Be6+ Kc7 16. Rxd8 Rxd8 17. f4 Nf3 18. Bg4 Nh4 19. Re1 1-0

[Event "14PCR_PF03"]
[Site "?"]
[Date "2003.??.??"]
[Round "2.6"]
[White "Kyzlink, Vladimir"]
[Black "Hladecek, Miroslav"]
[Result "1/2-1/2"]
[WhiteElo "2115"]
[BlackElo "2240"]
[PlyCount "86"]
[EventDate "2003.??.??"]
[EventType "tourn (corr)"]
[EventRounds "2"]
[SourceDate "2004.??.??"]

1. c4 e6 2. d4 Nf6 3. Nc3 d5 4. Nf3 Nbd7 5. Bg5 h6 6. Bh4 c6 7. e3 Qa5 8. Bd3
dxc4 9. Bxc4 Ne4 10. Qb3 Nxc3 11. bxc3 Nb6 12. O-O Nxc4 13. Qxc4 g5 14. Bg3 h5
15. Nd2 h4 16. Be5 Rh6 17. Ne4 Qd8 18. Qe2 h3 19. g3 f6 20. Bxf6 Rxf6 21. Qh5+
Kd7 22. Qh7+ Ke8 23. Qh5+ Kd7 24. Qh7+ Ke8 25. Nxf6+ Qxf6 26. f4 Qh6 27. Qe4
Be7 28. c4 g4 29. Rab1 Qh5 30. Qd3 b6 31. Rbd1 Bd7 32. Rf2 Kf7 33. e4 Kg8 34.
Qc2 c5 35. d5 e5 36. f5 Bd6 37. a4 Qg5 38. Qb3 Rf8 39. Ra2 Rb8 40. Qc3 Qh6 41.
Qa3 Qg5 42. Rb2 Rf8 43. Rf2 Rb8 1/2-1/2

[Event "14PCR_PF03"]
[Site "?"]
[Date "2003.??.??"]
[Round "2.6"]
[White "Jarabinsky, Martin"]
[Black "Kuchtova, Ruzena"]
[Result "1/2-1/2"]
[WhiteElo "2135"]
[BlackElo "2155"]
[PlyCount "61"]
[EventDate "2003.??.??"]
[EventType "tourn (corr)"]
[EventRounds "2"]
[SourceDate "2004.??.??"]

1. d4 d5 2. c4 c6 3. cxd5 cxd5 4. Nf3 Nf6 5. Nc3 Nc6 6. Bf4 Bf5 7. e3 e6 8. Bb5
Nd7 9. Qa4 Rc8 10. O-O a6 11. Bxc6 Rxc6 12. Rfc1 Be7 13. Nd1 b5 14. Qb3 Rc4 15.
Nd2 Qa5 16. Nc3 Rc8 17. a4 b4 18. e4 dxe4 19. Ncxe4 Rxc1+ 20. Rxc1 O-O 21. Bd6
Bxd6 22. Nxd6 Bg6 23. Rc6 Qh5 24. Nf3 a5 25. Qc4 Qh6 26. Rc7 Bh5 27. Rxd7 Bxf3
28. gxf3 Qg6+ 29. Kf1 Qb1+ 30. Ke2 Qxb2+ 31. Ke3 1/2-1/2

[Event "14PCR_PF03"]
[Site "?"]
[Date "2003.??.??"]
[Round "2.6"]
[White "Mudra, Oldrich"]
[Black "Vladyka, Vaclav"]
[Result "1-0"]
[WhiteElo "2145"]
[BlackElo "2150"]
[PlyCount "119"]
[EventDate "2003.??.??"]
[EventType "tourn (corr)"]
[EventRounds "2"]
[SourceDate "2004.??.??"]

1. Nf3 e6 2. g3 Nf6 3. Bg2 b6 4. d4 Bb7 5. c4 Be7 6. O-O O-O 7. Re1 d5 8. cxd5
exd5 9. Nc3 Na6 10. Bf4 c5 11. dxc5 bxc5 12. Ne5 Rb8 13. e3 Nc7 14. Qa4 Bd6 15.
Nd7 Nxd7 16. Bxd6 Nb6 17. Bxc7 Qxc7 18. Qa5 d4 19. Ne4 Bxe4 20. Bxe4 f5 21. Bc2
dxe3 22. Rxe3 f4 23. Rc3 fxg3 24. hxg3 Rbc8 25. Re1 Kh8 26. Be4 h6 27. b3 Nd7
28. Qxc7 Rxc7 29. Bg2 Nb6 30. Rec1 Re7 31. R1c2 Re1+ 32. Bf1 Nd7 33. Kg2 Rf5
34. Rd2 Nf6 35. Rd8+ Re8 36. Rxe8+ Nxe8 37. Rd3 Kg8 38. Rd7 a5 39. Ra7 Nd6 40.
Rxa5 Kf7 41. Ra7+ Kf6 42. a4 Ne4 43. Bd3 Rxf2+ 44. Kg1 Rf3 45. Bxe4 Rxg3+ 46.
Bg2 Rxb3 47. Bf1 Ra3 48. Bb5 h5 49. Rc7 g5 50. Rc6+ Kf5 51. Rxc5+ Kf4 52. Bd7
Ra1+ 53. Kf2 Ra2+ 54. Kf1 Ra1+ 55. Ke2 Ra2+ 56. Kd3 Ra3+ 57. Kd4 h4 58. Rf5+
Kg4 59. Ke4 Kh5 60. Ke5 1-0

[Event "14PCR_PF03"]
[Site "?"]
[Date "2003.??.??"]
[Round "2.7"]
[White "Dudek, Karel"]
[Black "Mudra, Oldrich"]
[Result "1/2-1/2"]
[WhiteElo "1955"]
[BlackElo "2145"]
[PlyCount "50"]
[EventDate "2003.??.??"]
[EventType "tourn (corr)"]
[EventRounds "2"]
[SourceDate "2004.??.??"]

1. e4 c6 2. d4 d5 3. exd5 cxd5 4. c4 Nf6 5. Nc3 e6 6. Nf3 Be7 7. cxd5 Nxd5 8.
Bb5+ Bd7 9. Bxd7+ Nxd7 10. Qb3 N5b6 11. O-O O-O 12. Bf4 Nf6 13. Rac1 Rc8 14.
Rfe1 Nfd5 15. Nxd5 Qxd5 16. Qxd5 Nxd5 17. Bd2 Rfd8 18. a3 Bd6 19. g3 h6 20. Kg2
Kf8 21. Rxc8 Rxc8 22. Rc1 Rxc1 23. Bxc1 b5 24. Ne5 Ke8 25. Bd2 a6 1/2-1/2